Formazione e revisione delle Costituzioni moderne / (Record no. 51174)

MARC details
000 -LEADER
campo de control de longitud fija 01123nam a2200241 i 4500
001 - NÚMERO DE CONTROL
campo de control 51174
003 - IDENTIFICADOR DE NÚMERO DE CONTROL
campo de control ES-MaACL
005 - FECHA Y HORA DE LA ÚLTIMA TRANSACCIÓN
campo de control 20250808090127.0
007 - CAMPO FIJO DE DESCRIPCIÓN FÍSICA--INFORMACIÓN GENERAL
campo de control de longitud fija t|
008 - DATOS DE LONGITUD FIJA--INFORMACIÓN GENERAL
campo de control de longitud fija 140423s1894 it ||||1| ita d
080 ## - NÚMERO DE LA CLASIFICACIÓN DECIMAL UNIVERSAL
Número de la Clasificación Decimal Universal 342.4(100)
100 1# - ENTRADA PRINCIPAL--NOMBRE DE PERSONA
Nombre de persona Brunialti, Attilio.
9 (RLIN) 32183
245 10 - MENCIÓN DEL TÍTULO
Título Formazione e revisione delle Costituzioni moderne /
Mención de responsabilidad, etc. A. Brunialti. Le costituzioni dei popoli liberi / L. Palma. Testi delle principali costituzioni moderni.
260 ## - PUBLICACIÓN, DISTRIBUCIÓN, ETC.
Lugar de publicación, distribución, etc. Torino :
Nombre del editor, distribuidor, etc. Unione Tipografico-Editrice,
Fecha de publicación, distribución, etc. 1894.
300 ## - DESCRIPCIÓN FÍSICA
Extensión CLXVI, 1034 p. ;
Dimensiones 24 cm.
490 1# - MENCIÓN DE SERIE
Mención de serie Biblioteca di scienze politiche e amministrative : scelta collezione... Seconda serie : Opere di Diritto Amministrativo e Costituzionale / diretta da Attilio Brunialti ;
Designación de volumen o secuencia 2
650 #7 - PUNTO DE ACCESO ADICIONAL DE MATERIA--TÉRMINO DE MATERIA
Término de materia o nombre geográfico como elemento de entrada Política
Fuente del encabezamiento o término embne
9 (RLIN) 140345
650 07 - PUNTO DE ACCESO ADICIONAL DE MATERIA--TÉRMINO DE MATERIA
Término de materia o nombre geográfico como elemento de entrada Derecho constitucional
Fuente del encabezamiento o término embne
9 (RLIN) 11680
700 1# - ENTRADA AGREGADA--NOMBRE PERSONAL
Nombre de persona Palma, Luigi.
9 (RLIN) 130800
830 0# - PUNTO DE ACCESO ADICIONAL DE SERIE-TÍTULO UNIFORME
Título uniforme Biblioteca di scienze politiche e amministrative : scelta collezione... Seconda serie : Opere di Diritto Amministrativo e Costituzionale / diretta da Attilio Brunialti ;
Designación de volumen o secuencia 2
9 (RLIN) 182342
852 ## - LOCALIZACIÓN
Ubicación ES-MaACL
Número de control de estantería B-9324
Holdings
Estatus retirado Estado de pérdida Estado de daño No para préstamo Colección Biblioteca de origen Biblioteca actual Ubicación en estantería Fecha de adquisición Fuente de adquisición Total de préstamos Signatura topográfica completa Código de barras Visto por última vez Precio de reemplazo Tipo de ítem Koha
        Libros del s. XIX Biblioteca del Ateneo de Madrid Biblioteca del Ateneo de Madrid Sala Pardo Bazán 17/01/2008     B-9324 1053825 23/02/2023 23/02/2023 Libro impreso antiguo